| 000 | 00976pam a2200325 a 4500 | ||
|---|---|---|---|
| 001 | 2109447 | ||
| 003 | OSt | ||
| 005 | 20140310182703.0 | ||
| 008 | 961212s1998 maua b 001 0 eng | ||
| 010 | _a 96053399 | ||
| 020 | _a0205186971 | ||
| 040 |
_aDLC _cDLC _dDLC |
||
| 050 | 0 | 0 |
_aLB 1028 _b.B561 1998 |
| 082 | 0 | 0 |
_aM 370.78 _bB46 1998 |
| 100 | 1 | _aBest, John W. | |
| 245 | 1 | 0 |
_aResearch in education _cBest, John W. |
| 250 | _a8th ed. | ||
| 260 |
_aBoston _bAllyn and Bacon _cc1998 |
||
| 300 |
_a507 p. _bill. _c25 cm. |
||
| 504 | _aIncludes bibliographical references and indexes. | ||
| 521 | _aHigh School to College Students | ||
| 526 | _c0L-1700L | ||
| 541 | _j1 | ||
| 562 | _e1 | ||
| 650 | 0 |
_aEducation _xResearch. |
|
| 700 | 1 |
_aKahn, James V., _d1948- |
|
| 906 |
_a7 _bcbc _corignew _d1 _eocip _f19 _gy-gencatlg |
||
| 942 |
_2lcc _cBK _kM |
||
| 999 |
_c15183 _d15183 |
||